Benito Juárez en el centenario de su muerte / (Record no. 182137)

MARC details
000 -LEADER
campo de control de longitud fija 00853nam a2200229 i 4500
001 - NÚMERO DE CONTROL
campo de control 182137
003 - IDENTIFICADOR DE NÚMERO DE CONTROL
campo de control ES-MaACL
005 - FECHA Y HORA DE LA ÚLTIMA TRANSACCIÓN
campo de control 20250822190539.0
008 - DATOS DE LONGITUD FIJA--INFORMACIÓN GENERAL
campo de control de longitud fija 130619s1973 sp cf |||| |bspa d
080 ## - NÚMERO DE LA CLASIFICACIÓN DECIMAL UNIVERSAL
Número de la Clasificación Decimal Universal 929 Juárez, Benito
100 1# - ENTRADA PRINCIPAL--NOMBRE DE PERSONA
Nombre de persona Calderón Quijano, José Antonio.
9 (RLIN) 33626
245 10 - MENCIÓN DEL TÍTULO
Título Benito Juárez en el centenario de su muerte /
Mención de responsabilidad, etc. José Antonio Calderón Quijano.
260 ## - PUBLICACIÓN, DISTRIBUCIÓN, ETC.
Lugar de publicación, distribución, etc. Sevilla :
Nombre del editor, distribuidor, etc. [Universidad],
Fecha de publicación, distribución, etc. 1973.
300 ## - DESCRIPCIÓN FÍSICA
Extensión 38 p., 1 h. de lám. ;
Dimensiones 24 cm.
500 ## - NOTA GENERAL
Nota general Es tirada aparte del Homenaje al Profesor Carriazo, t. III.
600 14 - PUNTO DE ACCESO ADICIONAL DE MATERIA--NOMBRE DE PERSONA
Nombre de persona Juárez, Benito,
Fechas asociadas al nombre 1806-1872
9 (RLIN) 67156
651 #4 - PUNTO DE ACCESO ADICIONAL DE MATERIA--NOMBRE GEOGRÁFICO
Nombre geográfico México-
Subdivisión general Historia-
Subdivisión geográfica 1821-1861.
9 (RLIN) 9064
651 #4 - PUNTO DE ACCESO ADICIONAL DE MATERIA--NOMBRE GEOGRÁFICO
Nombre geográfico México-
Subdivisión general Historia-
Subdivisión cronológica 1861-1867, Intervención europea.
9 (RLIN) 146885
651 #4 - PUNTO DE ACCESO ADICIONAL DE MATERIA--NOMBRE GEOGRÁFICO
Nombre geográfico México-
Subdivisión general Historia-
Subdivisión cronológica 1867-1910.
9 (RLIN) 151494
852 ## - LOCALIZACIÓN
Ubicación ES-MaACL
Número de control de estantería 2190-F-27
Holdings
Estatus retirado Estado de pérdida Estado de daño No para préstamo Colección Biblioteca de origen Biblioteca actual Ubicación en estantería Fecha de adquisición Fuente de adquisición Total de préstamos Signatura topográfica completa Código de barras Visto por última vez Precio de reemplazo Tipo de ítem Koha
        Colección de folletos Biblioteca del Ateneo de Madrid Biblioteca del Ateneo de Madrid Depósito folletos 19/06/2013     2190-F-27 1191406 23/02/2023 23/02/2023 Folleto